| 000 | 01004nam a2200289Ia 4500 | ||
|---|---|---|---|
| 003 | OSt | ||
| 005 | 20221007125419.0 | ||
| 006 | a|||||r|||| 00| 0 | ||
| 007 | ta | ||
| 008 | 221006b |||||||| |||| 00| 0 eng d | ||
| 020 |
_a0471213934 (hbd) _c _ 99.95 |
||
| 024 | _a10093 | ||
| 037 |
_bEducational, _cTextual |
||
| 040 |
_aCDL _cCDL _beng |
||
| 041 |
_2eng _aeng |
||
| 082 | _aE5:4, N9.21;1 | ||
| 100 |
_aHo Tse-Lok _9614965 |
||
| 245 | 0 | _aFieser's reagents for organic synthesis by Tse-Lok Ho | |
| 260 |
_aNew _bJersey John Wiley Sons, Inc. Pub. _c2003 |
||
| 490 | _vVol 21: (xvi, 589p)(Indexes 499-589p) | ||
| 500 | _a23/CSL/CARC/2002-03/591^b2003-01-03^mPurchase; ; 2002-03/647^b2003-01-17^cEBA/533/2002-03^d2003-01-16^eRs.9,551.00^fEducational Book Agency (India); ; 2003-02-11^bSB^c2003-03-31^dRPS | ||
| 650 | _a Organic | ||
| 650 | _a Synthesis | ||
| 650 | _aChemistry | ||
| 942 |
_hE5:4, N9.21;1 _cTEXL _2CC |
||
| 999 |
_c1215233 _d1215233 |
||